<?xml version="1.0" encoding="UTF-8"?>
<record
    xmlns:xsi="http://www.w3.org/2001/XMLSchema-instance"
    xsi:schemaLocation="http://www.loc.gov/MARC21/slim http://www.loc.gov/standards/marcxml/schema/MARC21slim.xsd"
    xmlns="http://www.loc.gov/MARC21/slim">

  <leader>01194nam a22002657a 4500</leader>
  <controlfield tag="003">NALT</controlfield>
  <controlfield tag="005">20240613141113.0</controlfield>
  <controlfield tag="008">      s2557    th                  tha d</controlfield>
  <datafield tag="020" ind1=" " ind2=" ">
    <subfield code="a">9786167885070</subfield>
  </datafield>
  <datafield tag="040" ind1=" " ind2=" ">
    <subfield code="a">NALT</subfield>
  </datafield>
  <datafield tag="041" ind1="1" ind2=" ">
    <subfield code="a">tha</subfield>
    <subfield code="h">eng</subfield>
  </datafield>
  <datafield tag="050" ind1=" " ind2=" ">
    <subfield code="a">TX 355 </subfield>
    <subfield code="b">&#xE08;829&#xE15; 2557</subfield>
  </datafield>
  <datafield tag="100" ind1="1" ind2=" ">
    <subfield code="a">&#xE41;&#xE08;&#xE47;&#xE01;, &#xE2D;&#xE31;&#xE25;&#xE40;&#xE1A;&#xE34;&#xE23;&#xE4C;&#xE15; </subfield>
    <subfield code="9">30852</subfield>
  </datafield>
  <datafield tag="245" ind1="1" ind2="0">
    <subfield code="a">&#xE15;&#xE33;&#xE19;&#xE32;&#xE19;&#xE2D;&#xE32;&#xE2B;&#xE32;&#xE23;&#xE42;&#xE25;&#xE01; : &#xE40;&#xE1A;&#xE37;&#xE49;&#xE2D;&#xE07;&#xE2B;&#xE25;&#xE31;&#xE07;&#xE08;&#xE32;&#xE19;&#xE42;&#xE1B;&#xE23;&#xE14;&#xE42;&#xE14;&#xE19;&#xE43;&#xE08;&#xE04;&#xE19;&#xE17;&#xE31;&#xE48;&#xE27;&#xE42;&#xE25;&#xE01; = </subfield>
    <subfield code="b">What Caesar did for my slad : the secret meanings of our favorite dishes / </subfield>
    <subfield code="c">Albert Jack ; &#xE1E;&#xE25;&#xE2D;&#xE22;&#xE41;&#xE2A;&#xE07; &#xE40;&#xE2D;&#xE01;&#xE0D;&#xE32;&#xE15;&#xE34;, &#xE41;&#xE1B;&#xE25;.</subfield>
  </datafield>
  <datafield tag="260" ind1=" " ind2=" ">
    <subfield code="a">&#xE01;&#xE23;&#xE38;&#xE07;&#xE40;&#xE17;&#xE1E;&#xE2F; : </subfield>
    <subfield code="b">openworlds, </subfield>
    <subfield code="c">2557.</subfield>
  </datafield>
  <datafield tag="300" ind1=" " ind2=" ">
    <subfield code="a">415 &#xE2B;&#xE19;&#xE49;&#xE32; :</subfield>
    <subfield code="b">&#xE20;&#xE32;&#xE1E;&#xE1B;&#xE23;&#xE30;&#xE01;&#xE2D;&#xE1A; ;</subfield>
    <subfield code="c">21 &#xE0B;&#xE21;.</subfield>
  </datafield>
  <datafield tag="650" ind1=" " ind2="4">
    <subfield code="a">&#xE01;&#xE32;&#xE23;&#xE1B;&#xE23;&#xE38;&#xE07;&#xE2D;&#xE32;&#xE2B;&#xE32;&#xE23;</subfield>
    <subfield code="9">30854</subfield>
    <subfield code="x">&#xE1B;&#xE01;&#xE34;&#xE13;&#xE01;&#xE30;</subfield>
  </datafield>
  <datafield tag="650" ind1=" " ind2="4">
    <subfield code="a">&#xE2D;&#xE32;&#xE2B;&#xE32;&#xE23;</subfield>
    <subfield code="9">30855</subfield>
    <subfield code="x">&#xE1B;&#xE01;&#xE34;&#xE13;&#xE01;&#xE30;</subfield>
  </datafield>
  <datafield tag="700" ind1="1" ind2=" ">
    <subfield code="9">30853</subfield>
    <subfield code="a">Jack, Albert </subfield>
  </datafield>
  <datafield tag="700" ind1="0" ind2=" ">
    <subfield code="a">&#xE1E;&#xE25;&#xE2D;&#xE22;&#xE41;&#xE2A;&#xE07; &#xE40;&#xE2D;&#xE01;&#xE0D;&#xE32;&#xE15;&#xE34;</subfield>
    <subfield code="9">21490</subfield>
  </datafield>
  <datafield tag="850" ind1=" " ind2=" ">
    <subfield code="a">NALT</subfield>
  </datafield>
  <datafield tag="942" ind1=" " ind2=" ">
    <subfield code="c">GB</subfield>
    <subfield code="2">lcc</subfield>
  </datafield>
  <datafield tag="996" ind1=" " ind2=" ">
    <subfield code="a">saiphon.d</subfield>
    <subfield code="b">CATSTF	</subfield>
    <subfield code="c">2023-03-09</subfield>
  </datafield>
  <datafield tag="999" ind1=" " ind2=" ">
    <subfield code="c">71962</subfield>
    <subfield code="d">71962</subfield>
  </datafield>
  <datafield tag="998" ind1=" " ind2=" ">
    <subfield code="j">8</subfield>
    <subfield code="k"> &#xE19;&#xE32;&#xE22;&#xE1A;&#xE31;&#xE13;&#xE11;&#xE34;&#xE15;  &#xE2D;&#xE38;&#xE17;&#xE32;&#xE27;&#xE07;&#xE04;&#xE4C;</subfield>
  </datafield>
  <datafield tag="952" ind1=" " ind2=" ">
    <subfield code="0">0</subfield>
    <subfield code="1">0</subfield>
    <subfield code="2">lcc</subfield>
    <subfield code="4">0</subfield>
    <subfield code="7">0</subfield>
    <subfield code="8">CGBL</subfield>
    <subfield code="a">NALT</subfield>
    <subfield code="b">NALT</subfield>
    <subfield code="c">GEN</subfield>
    <subfield code="d">2022-06-22</subfield>
    <subfield code="e">&#xE08;&#xE31;&#xE14;&#xE0B;&#xE37;&#xE49;&#xE2D;&#xE17;&#xE23;&#xE31;&#xE1E;&#xE22;&#xE32;&#xE01;&#xE23;</subfield>
    <subfield code="l">10</subfield>
    <subfield code="m">6</subfield>
    <subfield code="o">TX 355 &#xE08;829&#xE15; 2557</subfield>
    <subfield code="p">3961195667</subfield>
    <subfield code="r">2024-06-27 00:00:00</subfield>
    <subfield code="s">2024-06-13</subfield>
    <subfield code="w">2017-06-09</subfield>
    <subfield code="y">GB</subfield>
  </datafield>
</record>
